Topology: (Record no. 185519)

MARC details
000 -LEADER
fixed length control field 00600nam a22001817a 4500
005 - DATE AND TIME OF LATEST TRANSACTION
control field 20220203122347.0
010 ## - LCCN (DPL NO)
LC control number ENG-131379
020 ## - INTERNATIONAL STANDARD BOOK NUMBER
International Standard Book Number 9789353432775
Terms of availability 559.00
035 ## - SYSTEM CONTROL NUMBER
System control number EN-114911
037 ## - SOURCE OF ACQUISITION
Source of stock number/acquisition DBAD
082 ## - DEWEY DECIMAL CLASSIFICATION NUMBER
Classification number 514
100 ## - MAIN ENTRY--PERSONAL NAME
Personal name Munkres, James R.
245 ## - TITLE STATEMENT
Title Topology:
Statement of responsibility, etc James R. Munkres
260 ## - PUBLICATION, DISTRIBUTION, ETC. (IMPRINT)
Place of publication, distribution, etc Uttar Pradesh
Name of publisher, distributor, etc Pearson India Education Services
Date of publication, distribution, etc 2022
270 ## - ADDRESS
Address 15th Flooor, Tower-B, World Trade Tower, Plot No. 1, Block-C, Sector-16
City Noida
Postal code 201301
Electronic mail address companysecretary.india@pearson.com
300 ## - PHYSICAL DESCRIPTION
Extent 537p.
Other physical details Index
Dimensions 23cm(pbk)
942 ## - ADDED ENTRY ELEMENTS (KOHA)
Source of classification or shelving scheme Dewey Decimal Classification
Item type English Books
Classification part 514
Call number suffix MUN
Holdings
Withdrawn status Lost status Not for loan Collection code Home library Current library Date acquired Source of acquisition Cost, normal purchase price Full call number Barcode Copy number Cost, replacement price Koha item type
      Non-fiction Ashok Vihar Ashok Vihar 03/02/2022 DBAD/PUB 559.00 514 MUN EN-114911 1 559.00 English Books

© Delhi Public Library
Hit Counter
free hit counter